000 01282nam a22003135i 4500
003 CO-BoRNBP
005 20241008080210.0
007 ta
008 181122s2017 ck a br 000 spa d
020 _a9789587576818
040 _aCO-BoUNC
_bspa
_erda
_cCO-BoUNC
084 _aC CUE
100 _aMiranda Saldaña, Patricia
_eautor
_942847
245 0 3 _aEl nuevo libro de los valores.
_cPatricia Miranda Saldaña, Julio Orozco Vargas, Andrés Castillo Brieva; ilustraciones, Carlos Velásquez
250 _a1a. edición
264 1 _aBogotá
_bintermedio editores
_c2017
300 _a159 páginas ; :
_bIlustraciones ;
_c29 cm.
336 _atexto
_btxt
_2rdacontent
337 _asin mediación
_bn
_2rdamedia
338 _avolumen
_bnc
_2rdacarrier
650 1 7 _2LEMB
_aValores (filosofía)
_vLiteratura infantil
_942848
650 1 7 _2LEMB
_aValores sociales
_vLiteratura infantil
_942849
650 1 7 _2LEMB
_aCuentos infantiles
_vColecciones
_92044
650 1 7 _2LEMB
_aActividades creativas y trabajo de clase
700 1 _aPatricia Miranda Saldaña
_dInvestigación y redacción de texto
_942850
700 1 _aJulio Orozco Vargas
_eInvestigación y redacción de texto
_942851
700 1 _aAndrés Castillo Brieva
_eInvestigación y redacción de texto
_942852
942 _2ddc
_cBK
999 _c38415
_d38415